Statistics for Map: Coastal Subdivisions of Mainland Mexico, USA and Canada

Click here to take the quiz!

General Stats

  • This quiz has been taken 196 times
  • The average score is 38 of 48

Answers on the Map

Answers color-coded by a green-red scale on the quiz's map according to % correct below.
 

Answer Stats

Answer% Correct
Alaska
96%
California
93%
Maine
93%
Delaware
92%
Florida
92%
Georgia
92%
Maryland
92%
Newfoundland and Labrador
92%
New York
92%
British Columbia
91%
North Carolina
91%
Oregon
91%
Washington
91%
Alabama
90%
Baja California
90%
Baja California Sur
90%
Connecticut
90%
Rhode Island
90%
South Carolina
90%
Louisiana
89%
Massachusetts
89%
New Jersey
89%
Ontario
89%
Quebec
89%
Virginia
89%
Mississippi
88%
New Hampshire
88%
Nunavut
88%
Texas
88%
New Brunswick
87%
Northwest Territories
86%
Manitoba
85%
Yukon
85%
Sonora
75%
Yucatán
75%
Veracruz
71%
Quintana Roo
65%
Sinaloa
65%
Chiapas
60%
Tabasco
58%
Jalisco
57%
Oaxaca
55%
Campeche
51%
Colima
50%
Tamaulipas
50%
Nayarit
44%
Guerrero
43%
Michoacán
42%

Score Distribution

Percentile by Number Answered

Percent of People with Each Score

Your Score History

You have not taken this quiz